000
00244nam a2200097Ia 4500
001
711487
005
20250826162809.0
008
250824s9999 xx 000 0 und d
245
0
_a
YÜKSEK GERİLİM
_c
ADALET AĞAOĞLU
260
_b
EVEREST YAYINLARI
999
_c
711487
_d
711487